<?xml version="1.0" encoding="UTF-8"?>
<record
    xmlns:xsi="http://www.w3.org/2001/XMLSchema-instance"
    xsi:schemaLocation="http://www.loc.gov/MARC21/slim http://www.loc.gov/standards/marcxml/schema/MARC21slim.xsd"
    xmlns="http://www.loc.gov/MARC21/slim">

  <leader>03263nam a2200265   4500</leader>
  <controlfield tag="001">114491</controlfield>
  <controlfield tag="003">DR-UNIBE</controlfield>
  <controlfield tag="005">20260319144138.0</controlfield>
  <controlfield tag="008">260319b2006    dr ||||| |||| 00| 0 spa d</controlfield>
  <datafield tag="040" ind1=" " ind2=" ">
    <subfield code="a">BIBLIOTECA UNIBE</subfield>
    <subfield code="b">spa</subfield>
    <subfield code="c">BIBLIOTECA UNIBE</subfield>
  </datafield>
  <datafield tag="041" ind1=" " ind2=" ">
    <subfield code="a">spa</subfield>
  </datafield>
  <datafield tag="082" ind1=" " ind2=" ">
    <subfield code="2">22</subfield>
    <subfield code="a">RD 972.9303 P936f 2006</subfield>
  </datafield>
  <datafield tag="100" ind1="1" ind2=" ">
    <subfield code="a">Prestinary, Carmen H.</subfield>
    <subfield code="e">autor</subfield>
    <subfield code="9">203506</subfield>
  </datafield>
  <datafield tag="245" ind1="1" ind2="0">
    <subfield code="a">Francia en la isla de Santo Domingo /</subfield>
    <subfield code="c">Carmen H. Prestinary</subfield>
  </datafield>
  <datafield tag="250" ind1=" " ind2=" ">
    <subfield code="a">Primera edici&#xF3;n</subfield>
  </datafield>
  <datafield tag="260" ind1=" " ind2=" ">
    <subfield code="a">Santo domingo :</subfield>
    <subfield code="b">Fundaci&#xF3;n de Estudios Econ&#xF3;micos y Pol&#xED;ticos, Inc. (Fundesep) :</subfield>
    <subfield code="b">Comisi&#xF3;n Permanente de Efemerides Patrias,</subfield>
    <subfield code="c">2006</subfield>
  </datafield>
  <datafield tag="300" ind1=" " ind2=" ">
    <subfield code="a">180 p&#xE1;ginas ;</subfield>
    <subfield code="c">23 cm</subfield>
  </datafield>
  <datafield tag="490" ind1=" " ind2=" ">
    <subfield code="a">Documentos de la Rep&#xFA;blica</subfield>
  </datafield>
  <datafield tag="505" ind1="0" ind2=" ">
    <subfield code="a">1. Pr&#xF3;logo |
2. Introducci&#xF3;n |
3. Notas sobre la parte espa&#xF1;ola, informe an&#xF3;nimo al gobierno franc&#xE9;s |
4. Hoja de servicio militar de Ferrand |
5. Carta de Ferrand como inspector general de remontes al ministro de la guerra |
6. Carta del ministro de la marina y las colonias al ministro de la guerra sobre el env&#xED;o de Ferrand a Santo Domingo |
7. Carta del comisario de Santo Domingo al ministro de marina remitiendo una carta del Consejo de Notables de Santo Domingo |
8. Carta del gobernador de la isla de Puerto Rico a la corona espa&#xF1;ola informando la entrega de banderas espa&#xF1;olas por Ferrand que se encontraban en uso por el batall&#xF3;n espa&#xF1;ol de Santo Domingo |
9. Instrucciones dadas a Ferrand para la administraci&#xF3;n de la parte este de la isla de Santo Domingo, enviadas por Napole&#xF3;n |
10.	Decreto de Ferrand del 23 de febrero de 1807, introduciendo modificaciones en la organizaci&#xF3;n judicial |
11.	Extracto de decreto de Ferrand del 20 de mayo de 1807, introduciendo modificaciones al C&#xF3;digo de Procedimiento Civil |
12.	Extracto del decreto de Ferrand del 1ro. de septiembre de 1807, introduciendo modificaciones al C&#xF3;digo de Procedimiento Criminal |
13.	Decreto de Ferrand del 1ro. de diciembre de 1807, regulando las concesiones de terrenos en la pen&#xED;nsula de Saman&#xE1; |
14.	Extracto del decreto de Ferrand del 31 de diciembre de 1807, instaurando del C&#xF3;digo Napole&#xF3;nico de Santo Domingo |
15.	Memorias de Ferrand sobre la situaci&#xF3;n de la parte Este de Santo Domingo en sus diferentes &#xE1;reas: tropas, marina, polic&#xED;a general, agricultura, comercio, finanzas, propiedades nacionales y cultos, encabezadas por su carta de remisi&#xF3;n |
16.	 Relaci&#xF3;n sumaria de los despachos de Ferrand del 1ro de agosto de 1808 enviados al ministro de la marina |
17.	 Presupuesto militar de Santo Domingo para el a&#xF1;o 1808 |
18.	 Composici&#xF3;n militar francesa: Gran Estado Mayor, Estado Mayor y Compa&#xF1;&#xED;a
</subfield>
  </datafield>
  <datafield tag="520" ind1="3" ind2=" ">
    <subfield code="a">"Recoge una parte importante de la documentaci&#xF3;n oficial del gobierno franc&#xE9;s en la parte Este de la isla de Santo Domingo, hoy Rep&#xFA;blica Dominicana, cuando en ella fueron introducidos los c&#xF3;digos napole&#xF3;nicos y se tomaron las primeras medidas para organizar la defensa ante la p&#xE9;rdida por parte de Francia, de la parte Oeste, tras la independencia de Hait&#xED;".</subfield>
  </datafield>
  <datafield tag="651" ind1=" " ind2="7">
    <subfield code="2">lemb</subfield>
    <subfield code="a">Rep&#xFA;blica Dominicana </subfield>
    <subfield code="x">Historia</subfield>
    <subfield code="y">Gobierno colonial franc&#xE9;s, 1795-1809</subfield>
    <subfield code="9">193934</subfield>
  </datafield>
  <datafield tag="651" ind1=" " ind2="7">
    <subfield code="2">lemb</subfield>
    <subfield code="a">Hait&#xED;</subfield>
    <subfield code="x">Historia</subfield>
    <subfield code="9">16314</subfield>
  </datafield>
  <datafield tag="700" ind1="1" ind2=" ">
    <subfield code="a">Lockward, &#xC1;ngel,</subfield>
    <subfield code="d">1955-</subfield>
    <subfield code="e">prologuista</subfield>
    <subfield code="9">203507</subfield>
  </datafield>
  <datafield tag="942" ind1=" " ind2=" ">
    <subfield code="2">ddc</subfield>
    <subfield code="c">BK</subfield>
  </datafield>
  <datafield tag="999" ind1=" " ind2=" ">
    <subfield code="c">114491</subfield>
    <subfield code="d">114491</subfield>
  </datafield>
  <datafield tag="952" ind1=" " ind2=" ">
    <subfield code="0">0</subfield>
    <subfield code="1">0</subfield>
    <subfield code="2">ddc</subfield>
    <subfield code="7">0</subfield>
    <subfield code="8">GEN-RD</subfield>
    <subfield code="a">Principal</subfield>
    <subfield code="d">2026-01-19</subfield>
    <subfield code="l">0</subfield>
    <subfield code="o">RD 972.9303 P936f 2006</subfield>
    <subfield code="p">260181</subfield>
    <subfield code="r">2026-03-19 14:43:03</subfield>
    <subfield code="t">Ej. 1</subfield>
    <subfield code="w">2026-03-19</subfield>
    <subfield code="y">BK</subfield>
  </datafield>
</record>
